Les phrases cultes dans les comédies françaises - Statistiques

Statistiques générales
  • Ce quiz a été pris 52 fois
  • Le résultat moyen est 8 sur 15
Statistiques - réponses
Hint Réponse % Correct
"Votre prénom c’est François, c’est juste ? Eh bien lui c’est pareil, c’est Juste." Le dîner de cons
84%
"Vous savez, moi je ne crois pas qu’il y ait de bonne ou de mauvaise situation. Moi, si je devais résumer ma vie aujourd’hui avec vous, je dirais que c’est d’abord des rencontres. Des gens qui m’ont tendu la main, peut-être à un moment où je ne pouvais pas, où j’étais seul chez moi. Et c’est assez curieux de se dire que les hasards, les rencontres forgent une destinée… Parce que quand on a le goût de la chose, quand on a le goût de la chose bien faite, le beau geste, parfois on ne trouve pas l’interlocuteur en face je dirais, le miroir qui vous aide à avancer. Alors ça n’est pas mon cas, comme je disais là, puisque moi au contraire, j’ai pu : et je dis merci à la vie, je lui dis merci, je chante la vie, je danse la vie… je ne suis qu’amour ! Et finalement, quand beaucoup de gens aujourd’hui me disent « Mais comment fais-tu pour avoir cette humanité ? », et bien je leur réponds très simplement, je leur dis que c’est ce goût de l’amour ce goût donc qui m’a poussé aujourd’hui à entreprendre une construction mécanique, mais demain qui sait ? Peut-être simplement à me mettre au service de la communauté, à faire le don, le don de soi…" Astérix et Obélix : mission Cléopâtre
79%
"J'aime me beurrer la biscotte !" OSS 117 : le Caire nid d'espions
74%
"Tu te mets toujours les fesses à l'air pour citer Saint-John Perse ?" Les bronzés
72%
"Tu es un laideron mais tu es bien bonne !" Les visiteurs
72%
"Je ne vous jette pas la pierre, Pierre, mais j’étais à deux doigts de m’agacer." Le père Noël est une ordure
63%
"Qu'est-ce que vous nagez bien chef !" Mais où est donc passée la septième compagnie
58%
"Vous avez de la pâte ? Vous avez du sucre ? Avec la pâte, vous faites une crêpe et vous mettez du sucre dessus !" Les bronzés font du ski
56%
"Non, je suis le pape et j'attends ma sœur." La cité de la peur
51%
"Y a pas d'hélice hélas, c'est là qu'est l'os !" La Grande Vadrouille
47%
"Marie-Thérèse, ne jurez pas !" La vie est un long fleuve tranquille
33%
"Mais enfin maman, ce ne sont pas des déménageurs, c’est l’armée du Reich ! Ce sont des envahisseurs. Attila n’a jamais remboursé un seul centime !" Papy fait de la résistance
33%
"Mais si c’est pas un animal qui l’a tué, c’est p’tet un végétal !" RRRrrrr!!!
33%
"Je suis pas si Kounkoun que j'en ai l'air !" Le Corniaud
23%
"C'est curieux, chez les marins, ce besoin de faire des phrases !" Les tontons flingueurs
9%
Aucun quiz correspondant
Distribution des résultats
% des personnes avec chaque résultat
Percentile par nombre de réponses
Votre historique - résultats
Vous n’avez pas pris ce quiz